[Event "Hotel Lippa GM"]
[Site "Szentgotthard HUN"]
[Date "2001.06.16"]
[Round "4"]
[White "Farago,I"]
[Black "Horvath,Ad"]
[Result "0-1"]
[WhiteElo "2485"]
[BlackElo "2478"]

1.d4 Nf6 2.c4 e6 3.Nf3 Bb4+ 4.Bd2 Qe7 5.g3 Nc6 6.Nc3 Bxc3 7.Bxc3 Ne4 8.Rc1 O-O
9.Bg2 d6 10.d5 Nd8 11.O-O e5 12.c5 f5 13.cxd6 cxd6 14.Nd2 Nxc3 15.Rxc3 Nf7
16.Qb3 e4 17.Rfc1 b6 18.Rc7 Qf6 19.Qc3 Ne5 20.Nc4 Ba6 21.Nxe5 Qxe5 22.Qxe5 dxe5
23.g4 g6 24.gxf5 gxf5 25.R1c3 Rf6 26.Rg3+ Rg6 27.Bh3 Rc8 28.d6 Rxc7 29.dxc7 Bc8
30.f3 e3 31.Kf1 Kf7 32.f4 exf4 33.Rf3 Rh6 34.Bxf5 Bxf5 35.Rxf4 Rf6 36.Kg2 Bc8
37.Ra4 a5 38.Rh4 Kg6 39.b4 Rf2+ 40.Kg3 Rxe2 41.bxa5 bxa5 42.Ra4 Rc2  0-1

[Event "Open"]
[Site "Batumi GEO"]
[Date "2001.06.26"]
[Round "1"]
[White "Magalashvili,D"]
[Black "Khukhashvili,S"]
[Result "0-1"]
[WhiteElo "2089"]
[BlackElo "2326"]

1.d4 Nf6 2.c4 e6 3.Nf3 Bb4+ 4.Bd2 Be7 5.Nc3 d5 6.cxd5 exd5 7.Bg5 c6 8.e3 Bf5
9.Bd3 Bxd3 10.Qxd3 Nbd7 11.O-O O-O 12.Rab1 a5 13.Qc2 Re8 14.Nd2 Nf8 15.a3 Bd6
16.h3 h6 17.Bxf6 Qxf6 18.b4 axb4 19.axb4 b5 20.e4 Qxd4 21.Nf3 Qc4 22.Nd2 Qd4
23.Nf3 Qb6 24.exd5 Rac8 25.Qf5 cxd5 26.Nxd5 Qb7 27.Rbd1 Red8 28.Rd2 Ne6 29.Rfd1 Rc4
30.Ne3 Rf4 31.Qd5 Qb6 32.Qa2 Qb8 33.Nd5 Rc4 34.Qa5 Bf8 35.g3 Kh8 36.Nh4 Ng5
37.Nf4 Rxd2 38.Rxd2 Qb7 39.Kh2 Rc1 40.Nfg2 Ne6 41.Nf5 Qe4 42.Qxb5 Ng5 43.Rd3 Nf3+
44.Rxf3 Qxf3 45.Qe8 Qxf5 46.Qxf8+ Kh7 47.f4 Qb1  0-1

[Event "TCh-Europe Boys U18"]
[Site "Balatonlelle HUN"]
[Date "2001.06.27"]
[Round "5"]
[White "Sebenik,M"]
[Black "Markos,J"]
[Result "1/2-1/2"]
[WhiteElo "2317"]
[BlackElo "2437"]

1.d4 Nf6 2.c4 e6 3.Nf3 Bb4+ 4.Bd2 Qe7 5.g3 Nc6 6.Bg2 Bxd2+ 7.Nbxd2 d6 8.O-O a5
9.e4 e5 10.d5 Nb8 11.Qc2 O-O 12.Ne1 Na6 13.Nd3 c6 14.Rac1 cxd5 15.cxd5 b5
16.a3 Bg4 17.f3 Rfc8 18.Qb1 Qa7+ 19.Kh1 Qe3 20.Rfd1 Rxc1 21.Nxc1 Bd7 22.Nf1 Qb6
23.b4 Rc8 24.Nd3 Rc3 25.Qa1 Rc4 26.Qb2 h5 27.Nd2 Rc8 28.Rc1 Rxc1+ 29.Nxc1 axb4
30.axb4 Qf2 31.Nd3 Qe3 32.Qc2 Qd4 33.Nb3 Qc4 34.Na1 Qd4 35.Nb3 Qe3 36.Qd2 Qb6
37.Bf1 g6 38.Kg2 Kg7 39.Qc3 Nc7 40.h4 Na6 41.Ne1 Nh7  1/2-1/2

[Event "Narciso Yepes"]
[Site "Lorca ESP"]
[Date "2001.06.27"]
[Round "4"]
[White "Lalic,B"]
[Black "Granero Roca,A"]
[Result "1/2-1/2"]
[WhiteElo "2501"]
[BlackElo "2401"]

1.d4 Nf6 2.c4 e6 3.Nf3 Bb4+ 4.Bd2 Qe7 5.g3 Nc6 6.Nc3 Bxc3 7.Bxc3 Ne4 8.Rc1 Nxc3
9.Rxc3 d6 10.d5 Nd8 11.Bg2 O-O 12.dxe6 Nxe6 13.O-O Bd7 14.e4 Bc6 15.Re3 a5
16.Qd2 Qf6 17.e5 dxe5 18.Nxe5 Bxg2 19.Kxg2 Rfd8 20.Qc3 Qe7 21.Rfe1 Ra6 22.Qc2 Qg5
23.h4 Qh5 24.c5 h6 25.Qc4 Nd4 26.Nxf7 Qd5+ 27.Qxd5 Rxd5 28.Re7 Rxc5 29.Nd8 Rf6
30.R7e4 Nc6 31.Re8+ Kh7 32.Ne6 Rcf5 33.f4 Rf7 34.g4 R5f6 35.f5 g6 36.Ng5+ hxg5
37.hxg5 Rxf5 38.gxf5 Rxf5 39.Rd1 Rxg5+ 40.Kh3 Rb5 41.b3 a4 42.bxa4 Rb4 43.Rc8 Rxa4
44.Rxc7+ Kh6 45.Rd2 Nb4 46.Rxb7 Rxa2 47.Rd4 Nc6 48.Rh4+ Kg5 49.Rb5+ Kf6 50.Rf4+ Kg7
51.Re4 Rf2 52.Rb6 Nd8 53.Re7+ Nf7  1/2-1/2

[Event "Open"]
[Site "Batumi GEO"]
[Date "2001.06.30"]
[Round "5"]
[White "Ismailova,P"]
[Black "Khukhashvili,S"]
[Result "0-1"]
[WhiteElo "2140"]
[BlackElo "2326"]

1.d4 Nf6 2.c4 e6 3.Nf3 Bb4+ 4.Bd2 Qe7 5.a3 Bxd2+ 6.Nbxd2 d6 7.e4 e5 8.d5 O-O
9.h3 Nh5 10.Nb3 a5 11.Nc1 a4 12.g4 Nf4 13.Nd3 Nd7 14.Qd2 Nxd3+ 15.Bxd3 Nc5
16.Qe3 Bd7 17.Rc1 Rfb8 18.Qe2 Qe8 19.g5 b5 20.h4 Bg4 21.Qe3 bxc4 22.Bxc4 Bxf3
23.Qxf3 Rxb2 24.h5 Rab8 25.h6 g6 26.O-O Qe7 27.Qg4 f6 28.f4 exf4 29.Rce1 Qe5
30.gxf6 f3 31.f7+ Kf8 32.Qh4 g5 33.Qh3 g4 34.Qh4 Rg2+ 35.Kh1 Rbb2 36.Qd8+ Kxf7
37.Qxc7+ Kg6  0-1

[Event "FSIMA July"]
[Site "Budapest HUN"]
[Date "2001.07.04"]
[Round "3"]
[White "Desmarais,C"]
[Black "Sinn,M"]
[Result "1-0"]
[WhiteElo "2180"]
[BlackElo "2140"]

1.d4 Nf6 2.c4 e6 3.Nf3 Bb4+ 4.Bd2 Bxd2+ 5.Qxd2 O-O 6.Nc3 d6 7.g3 Nbd7 8.Bg2 e5
9.O-O Qe7 10.d5 a5 11.e4 Nc5 12.Ne1 Nh5 13.f4 exf4 14.gxf4 f5 15.e5 Ne4 16.Nxe4 fxe4
17.e6 Qf6 18.Bxe4 Nxf4 19.Kh1 Qe5 20.Bg2 Ng6 21.Rxf8+ Kxf8 22.Nd3 Qd4 23.Rf1+ Ke8
24.Qf2 Qxf2 25.Rxf2 Nh8 26.Be4 g6 27.h4 b6 28.Nf4 Ba6 29.Bd3 Ke7 30.Ne2 c6
31.Nf4 Rc8 32.dxc6 Rxc6 33.b3 Rc5 34.Be4 Re5 35.Bc6 Rc5 36.Bd5 b5 37.cxb5 Rxb5
38.Rc2 Rc5 39.Rxc5 dxc5 40.Kg2 g5 41.hxg5 Ng6 42.Nxg6+ hxg6 43.Be4 c4 44.Bxg6 cxb3
45.axb3 Bb7+ 46.Kg3 Bd5 47.Bc2 Bxe6 48.Kf4 Kd6 49.g6 Kc5 50.Ke5 Bg8 51.g7 Kb4
52.Bf5 Kxb3 53.Be6+ Bxe6 54.Kxe6 a4 55.g8=Q a3 56.Qh8 Ka2 57.Qc3  1-0

[Event "6th Leg Russian Cup"]
[Site "Tomsk RUS"]
[Date "2001.07.04"]
[Round "5"]
[White "Zarezenko,I"]
[Black "Vlassov,N"]
[Result "1-0"]
[WhiteElo "2230"]
[BlackElo "2467"]

1.d4 Nf6 2.Nf3 e6 3.c4 Bb4+ 4.Bd2 a5 5.g3 d6 6.Bg2 Nc6 7.O-O e5 8.Bg5 exd4
9.Nxd4 Ne5 10.a3 Bc5 11.Nc3 Neg4 12.Ne4 Bb6 13.h3 h6 14.Nxf6+ Nxf6 15.Be3 O-O
16.b4 c6 17.Nc2 Bc7 18.b5 c5 19.Qd3 Qe7 20.Rad1 Re8 21.Rfe1 Ne4 22.Bf4 a4
23.Ne3 Ba5 24.Nd5 Qe6 25.Rf1 Bd8 26.Kh2 Ng5 27.h4 Ne4 28.Ne3 Bf6 29.Bxe4 Qxe4
30.Bxd6 Qe6 31.Bxc5 b6 32.Bb4 g5 33.Nd5 Be5 34.hxg5 Qh3+ 35.Kg1 hxg5 36.Bc3 Bg4
37.Bxe5 Rxe5 38.Qd4 Bxe2 39.Nf6+ Kg7 40.Qxe5 Bf3 41.Nh5+ Kg6 42.Qf6+ Kxh5  1-0

[Event "Open"]
[Site "Karvina CZE"]
[Date "2001.07.05"]
[Round "6"]
[White "Jasny,S"]
[Black "Kulhanek,T"]
[Result "1/2-1/2"]
[WhiteElo "2280"]
[BlackElo "2391"]

1.d4 Nf6 2.Nf3 e6 3.c4 Bb4+ 4.Bd2 Qe7 5.Nc3 O-O 6.g3 Bxc3 7.Bxc3 Ne4 8.Qc2 Nxc3
9.Qxc3 d6 10.Bg2 Nd7 11.O-O e5 12.dxe5 dxe5 13.Rfd1 Re8 14.Rac1 Nf8 15.c5 f6
16.b4 Be6 17.Nd2 Rab8 18.a3 Qf7 19.Nc4 Qh5 20.Rd2 Bh3 21.Bxh3 Qxh3 22.Qf3 Kh8
23.Ne3 Ne6 24.Rcd1 Nd4 25.Qg4 Qxg4 26.Nxg4 a5 27.f4 Nb5 28.fxe5 h5 29.Ne3 Rxe5
30.Nc4 Ree8 31.Nxa5 Nxa3 32.Kf2 Nb5 33.Rd5 Nc3 34.Rxh5+ Kg8 35.Re1 Re4 36.Rh4 b6
37.Nc6 Rbe8 38.cxb6 Rxh4 39.gxh4 cxb6 40.Kf3 Kf7 41.Ra1 Nb5 42.e3 Rc8 43.Nd4 Nxd4+
44.exd4 Rc4 45.Ke4 Ke6 46.Ra7 g6 47.Rg7 f5+ 48.Kd3 b5 49.Rxg6+ Kd5 50.Rf6 Rxd4+
51.Ke3 Re4+ 52.Kf3 Ke5 53.Rb6 Rxb4 54.h5 Rb3+ 55.Kg2 Rb2+  1/2-1/2

[Event "Sub-zt 2.3.2"]
[Site "Managua NCA"]
[Date "2001.07.05"]
[Round "6"]
[White "Lacayo,R"]
[Black "Davila,E"]
[Result "1/2-1/2"]
[WhiteElo "2281"]
[BlackElo "2201"]

1.d4 Nf6 2.c4 e6 3.Nf3 Bb4+ 4.Bd2 Qe7 5.g3 Ne4 6.Bg2 O-O 7.O-O d5 8.Be3 c6
9.Nbd2 f5 10.Ne5 Nd7 11.Nxd7 Bxd7 12.Nxe4 fxe4 13.Qb3 Be8 14.c5 Ba5 15.f3 exf3
16.exf3 Bg6 17.Qa3 Bc7 18.Rae1 h5 19.Bf2 Bf5 20.Re2 b5 21.Rfe1 a5 22.h3 Rf6  1/2-1/2

[Event "6th Leg Russian Cup"]
[Site "Tomsk RUS"]
[Date "2001.07.05"]
[Round "6"]
[White "Voinov,A"]
[Black "Grebenschikova,N"]
[Result "1-0"]
[WhiteElo "2250"]
[BlackElo "2102"]

1.d4 Nf6 2.Nf3 e6 3.c4 Bb4+ 4.Bd2 Qe7 5.g3 O-O 6.Bg2 Bxd2+ 7.Nbxd2 d6 8.O-O e5
9.e4 a5 10.Qc2 Nbd7 11.b3 Re8 12.a3 Nf8 13.d5 Bg4 14.h3 Bxf3 15.Bxf3 c6 16.Rfc1 Rec8
17.Qd3 N8d7 18.b4 cxd5 19.cxd5 axb4 20.axb4 Rxa1 21.Rxa1 Nb6 22.Qb5 Qc7 23.Kg2 Kf8
24.Nb3 Nfd7 25.Bg4 Ke7 26.Ra7 Ra8 27.Rxa8 Nxa8 28.Na5 Ndb6 29.Be2 Kd8 30.h4 Ke7
31.h5 h6 32.Bg4 Kf8 33.Bf5 Ke7 34.Qd3 Kd8 35.f4 Ke7 36.fxe5 dxe5 37.Kh3 Nc8
38.Nc4 Nd6 39.Nxd6 Qxd6 40.Qc3 Qc7 41.Qc5+ Qd6 42.Qc8 Nb6 43.Qxb7+ Ke8 44.Qc6+ Ke7
45.Qc5 Nd7 46.Qxd6+ Kxd6 47.Bxd7 Kxd7 48.g4  1-0

[Event "10th AKN Weekender"]
[Site "Haarlem NED"]
[Date "2001.07.07"]
[Round "3"]
[White "Oei,HI"]
[Black "Bagheri,A"]
[Result "1/2-1/2"]
[WhiteElo "2203"]
[BlackElo "2390"]

1.d4 Nf6 2.c4 e6 3.Nf3 Bb4+ 4.Bd2 c5 5.Bxb4 cxb4 6.e3 d6 7.a3 bxa3 8.Rxa3 O-O
9.Nc3 Nc6 10.Be2 e5 11.O-O Bg4 12.h3 Bh5 13.Qd2 Qe7 14.Rfa1 a6 15.d5 Nb8
16.e4 Bxf3 17.Bxf3 Rc8 18.Be2 Nbd7 19.Qe3 h6 20.b3 Qd8 21.Na4 a5 22.Nc3 Nc5
23.f3 b6 24.Nb5 Na6 25.Kh2 Nb4 26.Bd1 Rab8 27.Rc1 Qe7 28.Raa1 Nd7 29.Na7 Rf8
30.Nb5 Nc5 31.Bc2 Kh7 32.Rab1 h5 33.g3 f5 34.exf5 Nxc2 35.Rxc2 Rxf5 36.Nd4 Qf6
37.Nxf5 Qxf5 38.Rcc1 Rf8 39.Kg2 h4 40.g4 Qg6 41.Rd1 Rf4 42.b4 axb4 43.Rxb4 Qg5
44.Re1 Qd8 45.Reb1 Nd7 46.R1b2 Qg5 47.Kh2 e4 48.fxe4 Qe5 49.Kg2 Nc5 50.Rxb6 Nxe4
51.Re2 g5 52.Qd3 Kg7 53.Rb7+  1/2-1/2

[Event "Open"]
[Site "Andorra AND"]
[Date "2001.07.08"]
[Round "9"]
[White "Borbjerggaard,L"]
[Black "Narciso Dublan,M"]
[Result "0-1"]
[WhiteElo "2375"]
[BlackElo "2544"]

1.d4 Nf6 2.c4 e6 3.Nf3 Bb4+ 4.Bd2 c5 5.e3 O-O 6.Bd3 Bxd2+ 7.Qxd2 cxd4 8.exd4 b6
9.Nc3 Bb7 10.Qe2 Bxf3 11.Qxf3 Nc6 12.Qe3 d5 13.cxd5 Nxd5 14.Qe4 g6 15.Rd1 Ncb4
16.Bb1 Nxc3 17.bxc3 Nd5 18.Qd3 b5 19.g3 Rc8 20.Rc1 Qa5 21.Kd2 b4 22.c4 b3+
23.Ke2 bxa2 24.Bc2 Nc3+ 25.Ke3 Nb1  0-1

[Event "Glorney Cup"]
[Site "Hyerois FRA"]
[Date "2001.07.10"]
[Round "4"]
[White "Houdart,R"]
[Black "Redpath,J"]
[Result "1/2-1/2"]
[WhiteElo "2094"]
[BlackElo "2131"]

1.Nf3 Nf6 2.c4 e6 3.d4 Bb4+ 4.Bd2 Qe7 5.g3 Nc6 6.Bg2 Bxd2+ 7.Nbxd2 d6 8.O-O a5
9.e4 e5 10.d5 Nb8 11.Ne1 h5 12.f4 h4 13.f5 hxg3 14.hxg3 Nh5 15.Qg4 Nd7 16.Nd3 Ndf6
17.Qf3 Nd7 18.Qg4 Ndf6 19.Qf3 Nd7  1/2-1/2

[Event "ch-NOR"]
[Site "Kristiansund NOR"]
[Date "2001.07.11"]
[Round "6"]
[White "Nordahl,H"]
[Black "Ostenstad,B"]
[Result "1/2-1/2"]
[WhiteElo "2279"]
[BlackElo "2439"]

1.d4 Nf6 2.c4 e6 3.Nf3 Bb4+ 4.Bd2 c5 5.Bxb4 cxb4 6.a3 bxa3 7.Nxa3 d6 8.e3 O-O
9.Be2 Nc6 10.O-O Qe7 11.Nb5 a5 12.Ne1 e5 13.d5 Nb4 14.Nd3 Nxd3 15.Qxd3 Bd7
16.Rfc1 Rfc8 17.Nc3 Qd8 18.Na4 Bxa4 19.Rxa4 Nd7 20.Ra3 Nc5 21.Qc3 a4 22.Bg4 Rcb8
23.Qb4 Ra6 24.Bd1 Rba8 25.Rca1 Qb6 26.Qb5 Qa7 27.Qb4 g6 28.h4 Rb6 29.Qc3 Qa5
30.Qxa5 Rxa5 31.Bxa4 Rxb2 32.Bb5 Rxa3 33.Rxa3 Kf8 34.Ra8+ Ke7 35.Re8+ Kf6
36.Rd8 Ke7 37.Re8+  1/2-1/2

[Event "Aegean Open"]
[Site "Ikaros GRE"]
[Date "2001.07.12"]
[Round "6"]
[White "Ilic,Z1"]
[Black "Kerimov,Y"]
[Result "1-0"]
[WhiteElo "2388"]
[BlackElo "2064"]

1.d4 Nf6 2.Nf3 e6 3.c4 Bb4+ 4.Bd2 Qe7 5.g3 Nc6 6.Nc3 Bxc3 7.Bxc3 Ne4 8.Rc1 Nxc3
9.Rxc3 O-O 10.Bg2 d6 11.d5 Nb8 12.dxe6 fxe6 13.O-O Nd7 14.Nd4 Nf6 15.Qc2 Qf7
16.c5 d5 17.c6 b6 18.f4 Rd8 19.h3 Qe7 20.Re3 Re8 21.g4 Qb4 22.Rd1 a5 23.Re5 a4
24.a3 Qf8 25.Qd2 Ra5 26.Qe3 Qd6 27.g5 Ne4 28.Bxe4 dxe4 29.Qxe4 Rxe5 30.Qxe5 Qxe5
31.fxe5 Rd8 32.Rd3 Kf7 33.Nb5 Rxd3 34.exd3 Ba6 35.Nxc7 Bxd3 36.Na8 Ke7 37.Nxb6 Kd8
38.Nxa4 Kc7 39.Kf2 Kxc6 40.Ke3 Bf1 41.h4 Kd5 42.Kf4 Kc4 43.b4 Bg2 44.Nc5 Bd5
45.Ne4 Bc6 46.Nd6+ Kd5 47.b5 Bd7 48.b6 Kc6 49.b7 Kc7 50.Ke4  1-0

[Event "ch-SUI"]
[Site "Scuol SUI"]
[Date "2001.07.18"]
[Round "7"]
[White "Klauser,M"]
[Black "Landenbergue,C"]
[Result "1/2-1/2"]
[WhiteElo "2378"]
[BlackElo "2413"]

1.d4 e6 2.Nf3 Nf6 3.c4 Bb4+ 4.Bd2 Qe7 5.g3 Nc6 6.Bg2 Bxd2+ 7.Nbxd2 d6 8.e4 a5
9.O-O e5 10.d5 Nb8 11.Nh4 O-O 12.b3 Na6 13.a3 Bd7 14.Qf3 c6 15.Rfc1 Rfe8
16.Qc3 Qd8 17.dxc6 bxc6 18.b4 axb4 19.axb4 c5 20.b5 Nb4 21.Rxa8 Qxa8 22.Ra1 Qb8
23.h3 Be6 24.Nhf3 Re7 25.Qa3 h6 26.Ne1 Rb7 27.Qa8 Nd7 28.Qxb8+ Rxb8 29.Ra7 Nb6
30.Bf1 Kf8 31.h4  1/2-1/2

[Event "3rd Open"]
[Site "Patras GRE"]
[Date "2001.07.19"]
[Round "2"]
[White "Banikas,H"]
[Black "Nikolaou,G"]
[Result "1-0"]
[WhiteElo "2531"]
[BlackElo "2225"]

1.d4 Nf6 2.c4 e6 3.Nf3 Bb4+ 4.Bd2 Qe7 5.g3 Nc6 6.Nc3 Bxc3 7.Bxc3 Ne4 8.Qc2 Nxc3
9.Qxc3 O-O 10.Rc1 a5 11.a3 a4 12.Bg2 d6 13.d5 Na5 14.Nd2 Ra7 15.e4 b6 16.f4 f5
17.O-O fxe4 18.Nxe4 exd5 19.cxd5 Bf5 20.Rce1 Bxe4 21.Rxe4 Qf6 22.Qxf6 Rxf6
23.Rxa4 Rb7 24.Bh3 g6 25.Re4 Kg7 26.Rfe1 Nb3 27.Re8 Nd4 28.R1e4 Nf5 29.g4 Nh4
30.Kf2 h6 31.Kg3 g5 32.f5 Ra7 33.R8e7+ Rf7 34.Bf1 Ra5 35.Rxf7+ Kxf7 36.a4 h5
37.h3 Rc5 38.Bc4 Ra5 39.Bb5  1-0

[Event "Czech Open"]
[Site "Pardubice CZE"]
[Date "2001.07.20"]
[Round "1"]
[White "Richter,C"]
[Black "Markos,J"]
[Result "1-0"]
[WhiteElo "2265"]
[BlackElo "2479"]

1.d4 Nf6 2.c4 e6 3.Nf3 Bb4+ 4.Bd2 Qe7 5.g3 Nc6 6.Nc3 O-O 7.Bg2 d6 8.O-O a5
9.a3 Bxc3 10.Bxc3 Ne4 11.Be1 a4 12.Qc2 Nf6 13.Bc3 e5 14.d5 Nb8 15.e4 Nbd7
16.Nd2 Nc5 17.f4 b6 18.fxe5 dxe5 19.Bb4 Bd7 20.Nf3 Rab8 21.Rad1 Ne8 22.Ne1 Nd6
23.Nd3 Nb3 24.c5 bxc5 25.Bxc5 Bb5 26.Rfe1 Nxc5 27.Qxc5 Qd7 28.Rc1 Rfc8 29.Rc3 Qg4
30.Qf2 Bd7 31.Rxc7 Nb5 32.h3  1-0

[Event "Czech Open"]
[Site "Pardubice CZE"]
[Date "2001.07.21"]
[Round "2"]
[White "Bromberger,S"]
[Black "Socko,B"]
[Result "1/2-1/2"]
[WhiteElo "2353"]
[BlackElo "2559"]

1.d4 Nf6 2.c4 e6 3.Nf3 Bb4+ 4.Bd2 Qe7 5.g3 Bxd2+ 6.Nbxd2 d6 7.Bg2 e5 8.e4 Bg4
9.d5 Nbd7 10.b4 h5 11.Qb1 c5 12.a3 O-O 13.Nh4 Nb6 14.h3 Bd7 15.O-O Rfc8 16.Qd3 Nh7
17.b5 a6 18.a4 axb5 19.axb5 g6 20.Kh2 Qd8 21.Qc3 Ra4 22.Rxa4 Nxa4 23.Qc2 Nb6
24.Qc3 Ra8 25.Ra1 Rxa1 26.Qxa1 Qa8 27.Qxa8+ Nxa8 28.Nb3 Nf8 29.Na5 Bc8 30.f4 f6
31.Nf3 Kf7 32.h4 b6  1/2-1/2

[Event "Dutch Open"]
[Site "Dieren NED"]
[Date "2001.07.23"]
[Round "6"]
[White "Peng Zhaoqin"]
[Black "Dgebuadze,A"]
[Result "1/2-1/2"]
[WhiteElo "2391"]
[BlackElo "2547"]

1.d4 Nf6 2.Nf3 e6 3.c4 Bb4+ 4.Bd2 Qe7 5.g3 Nc6 6.Nc3 Bxc3 7.Bxc3 Ne4 8.Qc2 Nxc3
9.Qxc3 O-O 10.Bg2 d6 11.O-O e5 12.d5 Nd8 13.c5 f5 14.Rac1 Nf7 15.Nd2 b6 16.b4 Bd7
17.c6 Be8 18.f4 a5 19.b5 exf4 20.gxf4 Nh6 21.e4 fxe4 22.Nxe4 Bg6 23.Ng5 Qf6
24.Bh3 Nf5 25.Ne6 Qxc3 26.Rxc3 Rf7 27.a4 h6 28.Kf2 Re8 29.Rg1 Bh7 30.Bg4 Ree7
31.Rcc1 Rf6 32.Rce1 Bg6 33.Nd8 Rxe1 34.Rxe1 Rf8 35.Bxf5 Bxf5 36.Re7 Rxd8
37.Rxc7 Bc8 38.Ra7 Rf8 39.Kg3 g5 40.fxg5 hxg5 41.Ra8 Kf7 42.Rb8 Ke7 43.Rxb6 Kd8
44.Rb8 Kc7 45.Ra8 Kb6 46.Rb8+ Kc7 47.Ra8 Kb6 48.Rb8+  1/2-1/2

[Event "ch-Paris Open"]
[Site "Paris FRA"]
[Date "2001.07.24"]
[Round "4"]
[White "Mendoza,L"]
[Black "Lukov,V"]
[Result "1/2-1/2"]
[WhiteElo "2290"]
[BlackElo "2469"]

1.d4 Nf6 2.c4 e6 3.Nf3 Bb4+ 4.Bd2 Qe7 5.Nc3 O-O 6.e3 d6 7.a3 Bxc3 8.Bxc3 Ne4
9.Rc1 f5 10.Bd3 Nxc3 11.Rxc3 Nd7 12.O-O e5 13.dxe5 dxe5 14.Bb1 Nf6 15.c5 g6
16.Qa4 Kg7 17.c6 b6 18.Qb5 Re8 19.Rd1 a5 20.Qa4 Ba6 21.Bd3 Bxd3 22.Rcxd3 Rad8
23.Nxe5 Rxd3 24.Nxd3 Rd8 25.Nf4 Qe4 26.Ne6+ Kh6 27.Nd4 f4  1/2-1/2

[Event "Keres Mem Open"]
[Site "Tallinn EST"]
[Date "2001.07.25"]
[Round "1"]
[White "Muutnik,V"]
[Black "Kveinys,A"]
[Result "0-1"]
[WhiteElo "2117"]
[BlackElo "2535"]

1.d4 Nf6 2.c4 e6 3.Nf3 Bb4+ 4.Bd2 a5 5.g3 d6 6.Bg2 Nbd7 7.O-O e5 8.Bg5 exd4
9.Nxd4 O-O 10.Nc2 Bc5 11.Nc3 h6 12.Be3 Re8 13.Bd4 Ng4 14.b3 Nge5 15.Na4 Bxd4
16.Nxd4 Nf6 17.Qc2 Bd7 18.Nc3 Qc8 19.Rfe1 Bh3 20.Nd5 Nxd5 21.Bxd5 c6 22.Bg2 Qg4
23.Rad1 Qh5 24.Bh1 Ng4 25.Qf5 Qxf5 26.Nxf5 Nxf2 27.Nxh6+ gxh6 28.Kxf2 Re6
29.Rd4 Rf6+ 30.Rf4 Rxf4+ 31.gxf4 Kf8 32.e4 Bd7 33.Bf3 Ke7 34.Rd1 a4 35.Rd2 axb3
36.axb3 Ra1 37.Bd1 c5 38.Bf3 Rb1 39.Rd3 Rb2+ 40.Kg3 b6 41.Re3 Rd2 42.e5 Bf5
43.Bc6 Rd3 44.Rxd3 Bxd3 45.exd6+ Kxd6 46.Ba4 Ke6 47.Kf3 Kf6 48.Ke3 Bf5 49.Kd2 Kg6
50.Be8 Bg4 51.Ke3 Bd1 52.Ba4 Bc2 53.Kd2 Bb1 54.Kc1 Bf5 55.Bc6 Kh5 56.Bd5 Kg4
57.Bxf7 Kh3 58.Kb2 Kxh2 59.b4 Kg3 60.bxc5 bxc5 61.Kb3 Kxf4 62.Ka4 Ke5 63.Bh5 Kd4
64.Bf7 Bg4  0-1

[Event "COQ Open"]
[Site "Quebec CAN"]
[Date "2001.07.26"]
[Round "7"]
[White "Bolduc,S"]
[Black "Fillion,S"]
[Result "1/2-1/2"]
[WhiteElo "2204"]
[BlackElo "2151"]

1.d4 Nf6 2.c4 e6 3.Nf3 Bb4+ 4.Bd2 Bxd2+ 5.Nbxd2 d6 6.e4 O-O 7.Be2 e5 8.d5 Bg4
9.O-O Na6 10.Ne1 Bxe2 11.Qxe2 c6 12.Nd3 cxd5 13.cxd5 Rc8 14.Rfc1 Qd7 15.Nc4 Rc7
16.f3 Rfc8 17.b3 Nc5 18.Ncb2 Nxd3 19.Nxd3 Rxc1+ 20.Rxc1 Rxc1+ 21.Nxc1 Qc7
22.Qc4 Qxc4 23.bxc4 Kf8 24.Nd3 Nd7 25.Kf2 Ke7 26.Ke3 Kd8 27.f4 f6 28.fxe5  1/2-1/2

[Event "Czech Open"]
[Site "Pardubice CZE"]
[Date "2001.07.27"]
[Round "8"]
[White "Yevseev,D"]
[Black "Gavrilov,Al"]
[Result "1-0"]
[WhiteElo "2530"]
[BlackElo "2438"]

1.d4 e6 2.Nf3 Nf6 3.c4 Bb4+ 4.Bd2 Qe7 5.g3 Nc6 6.Bg2 Bxd2+ 7.Nbxd2 d6 8.O-O a5
9.e4 e5 10.d5 Nb8 11.Ne1 h5 12.Nef3 Bg4 13.Qb3 b6 14.Qe3 Na6 15.Nh4 Nc5 16.b3 g5
17.Qxg5 Nxd5 18.Qg7 O-O-O 19.cxd5 Rdg8 20.Ng6 Qe8 21.Qxh8 Rxh8 22.Nxh8 Qxh8
23.Rfe1 h4 24.a3 hxg3 25.hxg3 Qh6 26.Re3 b5 27.b4 axb4 28.axb4 Na4 29.Bf1 Bd7
30.Nb1 Nb6 31.Na3 f5 32.Nxb5 fxe4 33.Rxe4 Qd2 34.Rh4 Bxb5 35.Bxb5 Kd8 36.Bc6 e4
37.Rxe4  1-0

[Event "Keres Mem Open"]
[Site "Tallinn EST"]
[Date "2001.07.28"]
[Round "5"]
[White "Krupenski,Y"]
[Black "Teemae,L"]
[Result "1-0"]
[WhiteElo "2231"]
[BlackElo "2120"]

1.d4 Nf6 2.c4 e6 3.Nf3 Bb4+ 4.Bd2 Qe7 5.g3 Nc6 6.Nc3 O-O 7.Bg2 Bxc3 8.Bxc3 Ne4
9.Rc1 d5 10.O-O Nxc3 11.Rxc3 Nb4 12.a3 Na6 13.Qc2 Bd7 14.Ne5 c6 15.e4 dxc4
16.Rxc4 Rfd8 17.Rd1 Be8 18.Ng4 c5 19.d5 b5 20.Rc3 e5 21.f4 f6 22.Rf1 Bd7
23.Ne3 g6 24.Rd1 Be8 25.Qd2 Rd6 26.fxe5 fxe5 27.Ng4 Bd7 28.Nh6+ Kg7 29.Rf1 Rf8
30.Rxf8 Qxf8 31.Qg5 Qf6 32.h4 Qxg5 33.hxg5 Be8 34.Ng4  1-0

[Event "Keres Mem Open"]
[Site "Tallinn EST"]
[Date "2001.07.30"]
[Round "8"]
[White "Piarnpuu,L"]
[Black "Galianina Ryjanova,J"]
[Result "1/2-1/2"]
[WhiteElo "2212"]
[BlackElo "2335"]

1.d4 Nf6 2.Nf3 e6 3.c4 Bb4+ 4.Bd2 Qe7 5.g3 Nc6 6.Nc3 Bxc3 7.Bxc3 Ne4 8.Rc1 O-O
9.Bg2 d6 10.O-O Nxc3 11.Rxc3 e5 12.d5 Nb8 13.b4 a5 14.a3 Na6 15.Qb3 Bd7 16.Nd2 Rab8
17.c5 axb4 18.cxd6 cxd6 19.axb4 Bb5 20.Nc4 Rbc8 21.Rfc1 Rc7 22.e4 Bxc4 23.Rxc4 Rfc8
24.Bf1 Rxc4 25.Rxc4 Rxc4 26.Bxc4  1/2-1/2

[Event "HZ Open"]
[Site "Vlissingen NED"]
[Date "2001.08.01"]
[Round "6"]
[White "De Wolf,J"]
[Black "Heppekausen,J"]
[Result "1/2-1/2"]
[WhiteElo "2152"]
[BlackElo "2240"]

1.d4 Nf6 2.Nf3 e6 3.c4 Bb4+ 4.Bd2 c5 5.Bxb4 cxb4 6.e3 O-O 7.Bd3 d6 8.O-O Qe7
9.Nbd2 e5 10.Qc2 Re8 11.Ng5 h6 12.Nge4 Nbd7 13.c5 d5  1/2-1/2

[Event "It"]
[Site "Nikolaev UKR"]
[Date "2001.08.03"]
[Round "3"]
[White "Nakonechny,S"]
[Black "Zavgorodniy,S"]
[Result "1-0"]
[WhiteElo "2237"]
[BlackElo "2453"]

1.d4 Nf6 2.c4 e6 3.Nf3 Bb4+ 4.Bd2 Qe7 5.a3 Bxd2+ 6.Nbxd2 d6 7.e4 e5 8.d5 O-O
9.g3 a5 10.b3 Na6 11.Bg2 Nc5 12.Qb1 Bd7 13.O-O b5 14.Re1 bxc4 15.Nxc4 Rfb8
16.Nfd2 Ba4 17.b4 Bd7 18.bxc5 Rxb1 19.Raxb1 Bc8 20.c6 g5 21.a4 Kg7 22.Rb5 Ba6
23.Ne3 Bc8 24.Reb1 Ng4 25.Ndc4 Nh6 26.Rb8 Rxb8 27.Rxb8 Ba6 28.Nxa5 g4 29.Nb7 Kg6
30.a5 Bd3 31.Bf1 Bxe4 32.a6 Nf5 33.Rg8+ Kh5 34.Nxf5  1-0

[Event "Inline Czechia Cup"]
[Site "Olomouc CZE"]
[Date "2001.08.03"]
[Round "3"]
[White "Obsivac,J"]
[Black "Szymanski,M"]
[Result "1/2-1/2"]
[WhiteElo "2361"]
[BlackElo "2362"]

1.d4 e6 2.c4 Nf6 3.Nf3 Bb4+ 4.Bd2 c5 5.a3 Bxd2+ 6.Qxd2 cxd4 7.Nxd4 O-O 8.Nc3 d5
9.cxd5 Nxd5 10.Rd1 Nxc3 11.Qxc3 Qe7 12.e3 e5 13.Nb5 Nc6 14.Be2 Be6 15.O-O Rfd8
16.Qc2 Rac8 17.Qa4 Qc5 18.Rxd8+ Rxd8 19.Rd1 a6 20.Nc3 Rxd1+  1/2-1/2

[Event "HZ Open"]
[Site "Vlissingen NED"]
[Date "2001.08.03"]
[Round "8"]
[White "Delemarre,J"]
[Black "Vehi Bach,V"]
[Result "1/2-1/2"]
[WhiteElo "2435"]
[BlackElo "2450"]

1.d4 Nf6 2.c4 e6 3.Nf3 Bb4+ 4.Bd2 a5 5.Nc3 O-O 6.Bg5 d5 7.e3 b6 8.Rc1 Bb7
9.a3 Be7 10.cxd5 exd5 11.Bf4 c5 12.Bb5 Na6 13.Ne5 cxd4 14.exd4 Nc7 15.Nc6 Qe8
16.Nxe7+ Qxe7+ 17.Be2 Ne6 18.Be3 Ba6 19.Bxa6 Rxa6 20.O-O Raa8 21.Qb3 Qd7
22.Qb5 Qxb5 23.Nxb5 Rfc8 24.f3 Ne8 25.Kf2 Kf8 26.Ke2  1/2-1/2

[Event "Nordic Championships"]
[Site "Bergen NOR"]
[Date "2001.08.04"]
[Round "1"]
[White "Tjomsland,S"]
[Black "Gorczyca,D"]
[Result "1/2-1/2"]
[WhiteElo "2269"]
[BlackElo "2069"]

1.d4 Nf6 2.c4 e6 3.Nf3 Bb4+ 4.Bd2 a5 5.g3 d5 6.a3 Bxd2+ 7.Nbxd2 a4 8.Bg2 c6
9.Qc2 Nbd7 10.O-O O-O 11.Rfd1 Qe7 12.e4 dxe4 13.Nxe4 Nxe4 14.Qxe4 Nf6 15.Qh4 Ra5
16.Ne5 Qc7 17.Rd2 c5 18.Re1 Rd8 19.d5 exd5 20.cxd5 Ra6 21.Nc4 b5 22.d6 Qb8
23.Ne5 Bb7 24.Bxb7 Qxb7 25.Ng4 Qf3 26.d7 Re6 27.Rxe6 fxe6 28.Ne5 Qf5 29.Nc6 Rxd7
30.Rxd7 Qb1+ 31.Kg2 Nxd7 32.Qd8+ Nf8 33.Ne7+ Kf7 34.Nc8 Qe4+ 35.Kg1 Qe1+
36.Kg2 Qe4+ 37.Kg1 Qe1+  1/2-1/2

[Event "Slavonija"]
[Site "Dakovo CRO"]
[Date "2001.08.04"]
[Round "3"]
[White "Kovacevic,B"]
[Black "Njirjak,J"]
[Result "1-0"]
[WhiteElo "2443"]
[BlackElo "2353"]

1.d4 Nf6 2.c4 e6 3.Nf3 Bb4+ 4.Bd2 Qe7 5.g3 O-O 6.Bg2 Bxd2+ 7.Qxd2 d6 8.O-O a5
9.Nc3 Na6 10.Rfd1 Re8 11.Rac1 h6 12.Ne1 Rb8 13.e4 e5 14.Nd5 Nxd5 15.cxd5 b6
16.Bf1 exd4 17.Bb5 Rf8 18.Bxa6 Bxa6 19.Qxd4 f5 20.exf5 Rxf5 21.Ng2 Rbf8 22.f4 Bb7
23.Ne3 R5f7 24.Rc3 Re8 25.Ng2 Qe4 26.Re3 Qxd4 27.Rxd4 Rfe7 28.Kf2 Kf7 29.Rxe7+ Rxe7
30.Ne3 Rd7 31.Rc4 Re7 32.Kf3 Ke8 33.Re4 c6 34.Rxe7+ Kxe7 35.Nf5+ Kd7 36.Nxg7 cxd5
37.Ke3 Bc8 38.Nf5 h5 39.Kd4 Ke6 40.Ne3 Bd7 41.h3 Bc6 42.g4  1-0

[Event "Rapidplay"]
[Site "Liepaja LAT"]
[Date "2001.08.04"]
[Round "8"]
[White "Dlugy,M"]
[Black "Kveinys,A"]
[Result "0-1"]
[WhiteElo "2531"]
[BlackElo "2535"]

1.d4 Nf6 2.c4 e6 3.Nf3 Bb4+ 4.Bd2 a5 5.g3 d6 6.Bg2 Nbd7 7.O-O e5 8.Be3 O-O
9.Qc2 a4 10.Rd1 exd4 11.Bxd4 Re8 12.Nc3 a3 13.b3 c6 14.Ne1 Bc5 15.Bxc5 dxc5
16.e4 Qa5 17.f4 Nf8 18.e5 Ng4 19.Qd2 Bf5 20.h3 Rad8 21.Nd5 Qxd2 22.Rxd2 Nh6
23.g4 cxd5 24.gxf5 dxc4 25.Rxd8 Rxd8 26.bxc4 Nxf5 27.Nc2 Ne6  0-1

[Event "Slavonija"]
[Site "Vinkovci CRO"]
[Date "2001.08.04"]
[Round "3"]
[White "Bertok,M"]
[Black "Damjanovic,M"]
[Result "1/2-1/2"]
[WhiteElo "2297"]
[BlackElo "2305"]

1.d4 Nf6 2.Nf3 e6 3.c4 Bb4+ 4.Bd2 Qe7 5.a3 Bxd2+ 6.Nbxd2 d6 7.e4 e5 8.d5 a5
9.b4 O-O 10.g3 Na6 11.Rb1  1/2-1/2